Преимущества применения электрической импедансной томографии в криомедицине; Наука. Технологии. Инновации; Ч. 6 : Электроника и биомедицинская техника
| Parent link: | Наука. Технологии. Инновации: сборник научных трудов, Новосибирск, 3-7 декабря 2018 г./ Новосибирский государственный технический университет (НГТУ).— , 2018 Ч. 6 : Электроника и биомедицинская техника.— 2018.— [С. 127-130] |
|---|---|
| Hovedforfatter: | |
| Institution som forfatter: | |
| Andre forfattere: | |
| Summary: | Заглавие с экрана Криохирургией называют хирургическим методом удаления ненужной ткани с помощью холода, который применяется в различных областях медицины. Вданной работе, были рассмотрены проблемы визуализации в современной криохирургии, а так же возможность применения электрической импедансной томографии для визуализации границ образования ледяных структур внутри биологической ткани. Cryosurgery is the surgical method of removing unwanted tissue by using cold,used in various areas of medicine. In this paper, were considered the problems ofvisualization in modern cryosurgery, as well as the possibility of using electrical impedance tomography to visualize the boundaries of the formation of ice structuresinside biological tissue |
| Sprog: | russisk |
| Udgivet: |
2018
|
| Fag: | |
| Online adgang: | http://www.science.nstu.ru/stud_science/conference/nti-2018/Сборник%20НТИ-2018.%20часть%206.pdf#page=127 |
| Format: | MixedMaterials Electronisk Book Chapter |
| KOHA link: | https://koha.lib.tpu.ru/cgi-bin/koha/opac-detail.pl?biblionumber=660519 |
MARC
| LEADER | 00000naa0a2200000 4500 | ||
|---|---|---|---|
| 001 | 660519 | ||
| 005 | 20250828154026.0 | ||
| 035 | |a (RuTPU)RU\TPU\network\29969 | ||
| 035 | |a RU\TPU\network\28274 | ||
| 090 | |a 660519 | ||
| 100 | |a 20190705d2018 k y0rusy50 ca | ||
| 101 | 0 | |a rus | |
| 102 | |a RU | ||
| 135 | |a drcn ---uucaa | ||
| 181 | 0 | |a i | |
| 182 | 0 | |a b | |
| 200 | 1 | |a Преимущества применения электрической импедансной томографии в криомедицине |f Е. С. Королюк, К. С. Бразовский | |
| 203 | |a Текст |c электронный | ||
| 300 | |a Заглавие с экрана | ||
| 320 | |a [Библиогр.: 3 назв.] | ||
| 330 | |a Криохирургией называют хирургическим методом удаления ненужной ткани с помощью холода, который применяется в различных областях медицины. Вданной работе, были рассмотрены проблемы визуализации в современной криохирургии, а так же возможность применения электрической импедансной томографии для визуализации границ образования ледяных структур внутри биологической ткани. | ||
| 330 | |a Cryosurgery is the surgical method of removing unwanted tissue by using cold,used in various areas of medicine. In this paper, were considered the problems ofvisualization in modern cryosurgery, as well as the possibility of using electrical impedance tomography to visualize the boundaries of the formation of ice structuresinside biological tissue | ||
| 461 | |t Наука. Технологии. Инновации |o сборник научных трудов, Новосибирск, 3-7 декабря 2018 г. |o в 9 ч. |f Новосибирский государственный технический университет (НГТУ) |d 2018 | ||
| 463 | |t Ч. 6 : Электроника и биомедицинская техника |v [С. 127-130] |d 2018 | ||
| 610 | 1 | |a электронный ресурс | |
| 610 | 1 | |a труды учёных ТПУ | |
| 610 | 1 | |a импедансные измерения | |
| 700 | 1 | |a Королюк |b Е. С. |c химик-технолог |c инженер Томского политехнического университета |f 1993- |g Евгений Сергеевич |3 (RuTPU)RU\TPU\pers\46595 | |
| 701 | 1 | |a Бразовский |b К. С. |c специалист в области электроники |c кандидат медицинских наук, доцент Томского политехнического университета |f 1971- |g Константин Станиславович |3 (RuTPU)RU\TPU\pers\32927 |9 16775 | |
| 712 | 0 | 2 | |a Национальный исследовательский Томский политехнический университет |b Исследовательская школа химических и биомедицинских технологий (ИШХБМТ) |c (2017- ) |3 (RuTPU)RU\TPU\col\23537 |
| 801 | 2 | |a RU |b 63413507 |c 20201012 |g RCR | |
| 856 | 4 | |u http://www.science.nstu.ru/stud_science/conference/nti-2018/Сборник%20НТИ-2018.%20часть%206.pdf#page=127 | |
| 942 | |c CF | ||